| 000 | 00389pab a2200157 454500 | ||
|---|---|---|---|
| 008 | 180718b1983 xxu||||| |||| 00| 0 eng d | ||
| 100 | _aNagchaudhuri, B.D. | ||
| 245 | _aReflections on India's environment policy | ||
| 260 | _c1983 | ||
| 300 | _a71-8 | ||
| 362 | _aJan.-Mar. | ||
| 650 | _aEnvironmental Policy - India | ||
| 700 | _aS. Bhatt | ||
| 773 | _aIndia Quarterly | ||
| 909 | _a7784 | ||
| 999 |
_c7784 _d7784 |
||